|
|
|
|
| LEADER |
01284nam a2200313 a 4500 |
| 001 |
2468006 |
| 003 |
BD-DhAAL |
| 008 |
120802t20111990enka b 001 0 eng d |
| 010 |
|
|
|a 90001831
|
| 020 |
|
|
|a 0521371015 (hardback)
|
| 020 |
|
|
|a 0521405998 (paperback)
|
| 040 |
|
|
|a DLC
|c DLC
|d DLC
|d BD-DhAAL
|
| 082 |
0 |
0 |
|a 333.2
|2 20
|
| 100 |
1 |
|
|a Ostrom, Elinor.
|9 2586
|
| 245 |
1 |
0 |
|a Governing the commons :
|b the evolution of institutions for collective action /
|c Elinor Ostrom.
|
| 260 |
|
|
|a Cambridge ;
|a New York :
|b Cambridge University Press,
|c 1990. [29th printing 2011]
|
| 300 |
|
|
|a xviii, 280 p. :
|b ill. ;
|c 24 cm.
|
| 490 |
1 |
|
|a The Political economy of institutions and decisions
|
| 504 |
|
|
|a Includes bibliographical references (p. 245-270) and index.
|
| 541 |
|
|
|a 00025781
|
| 650 |
|
0 |
|a Commons.
|9 53515
|
| 650 |
|
0 |
|a Commons
|x Case studies.
|9 53516
|
| 650 |
|
0 |
|a Social choice.
|
| 650 |
|
0 |
|a Social choice
|x Case studies.
|9 53517
|
| 830 |
|
|
|a The Political economy of institutions and decisions
|9 53518
|
| 852 |
1 |
|
|a Ayesha Abed Library
|j General shelf
|
| 942 |
|
|
|2 ddc
|c BK
|
| 999 |
|
|
|c 12688
|d 12688
|
| 952 |
|
|
|0 0
|1 0
|2 ddc
|4 0
|6 333_200000000000000_OST
|7 0
|9 20918
|a IGS
|b IGS
|c GEN
|d 2012-08-01
|e Riza Enterprize
|g 2374.00
|l 1
|m 2
|o 333.2 OST
|p 3010025781
|r 2014-06-09
|s 2013-02-14
|t 1
|w 2012-08-01
|y BK
|